00614nam a2200109Ia 4500008004100000245002600041300027600067650001600343856005400359999001900413952007200432170517s9999 xx 000 0 und d aMaking the Connection aDo you have to choose between a healthy, fun, modern lifestyle and a fair, sustainable, compassionate lifestyle? No, you can have it all! Watch Making the Connection and decide for yourself. Making the Connection is a new film which invites you on a journey - together... xTechnology. uhttp://topdocumentaryfilms.com/making-connection/ c335057d335057 001040aCLbCLd2017-05-17l0r2017-05-17 00:00:00w2017-05-17yDF